| 000 | 00521cam a2200181ua 4500 | ||
|---|---|---|---|
| 020 | _cRs 190.00 | ||
| 041 |
_aeng _h |
||
| 082 |
_a621.4 _bARO/CO |
||
| 100 | _aArora, S C . | ||
| 245 |
_aCourse in power plant engineering with introduction to green house effect / _cS C Arora. _hTextual Documents |
||
| 260 |
_aNew Delhi : _bDhanpat Rai Publishing Co. Pvt. Ltd. , _c2000. |
||
| 300 | _a1088 ; . | ||
| 365 | _aRs 190.00 | ||
| 504 | _a | ||
| 700 | 1 | _aDhomkundwar, S . | |
| 942 | _cBK | ||
| 999 |
_c1385 _d1385 |
||